000 00549cam a2200205 4500
001 B1510
008 090401t1986 xxu||||| |||| 00| 0 eng d
035 _a(Sirsi) u44838
041 _aeng
050 _a333.336
110 _aHillier Parker Research
_92002
245 2 _aA forecast of industrial rents. - No. 1 (April 1982) - No. 5 (July 1986)
260 _aLondon
_bHillier Parker May and Rowden
_c1982-1986
300 _a5v. ; 30cm.
350 _a0
650 _aINDUSTRIAL PROPERTY
650 _aRENT
942 _n0
948 _c04/03/1997
999 _c91605
_d91605